000 00883nam a22002897a 4500
001 BR0002185
003 BR-BrBNA
005 20230928100640.0
007 ta
008 230509b bl.||||| |||| 00| 0 por d
040 _aBR-BrBNA
_bpor
_cBiblioteca Nacional de Agricultura
041 _a(Por)
072 _aE21
090 _ E21 BR0002185
100 1 _aHaddad, P.R.
110 1 _aConselho Nacional de Desenvolvimento Cientifico e Tecnologico, Brasilia, DF (Brasil)
245 1 _aA competitividade do agronegocio e o desenvolvimento regional no Brasil; estudos de clusters
260 3 _aBrasilia, DF (Brasil):
_c1999.
300 _a265 p.
500 _aSeveral bibliography
650 _aAgribusiness
650 _aPlanejamento Regional
650 _aIndustria Agricola
650 _aDesenvolvimento Regional
909 _a202309
_bLucia
_c55
_dLucia Elande
942 _cBK
999 _c62187
_d62187